| 000 | | | 04575nac2a22003013x 450 |
| 001 | | | 057c5cbb-752a-4858-a853-fae322fdca67 |
| 005 | | | 20211214171331.0 |
| 100 | ## | $a | 20211122l19091910k y0rusy50 ca |
| 101 | 0# | $a | rus |
| | $a | ger |
| | $a | fre |
| 102 | ## | $a | RU |
| 105 | ## | $a | y z |||e| |
| 122 | 2# | $a | d19091231 |
| | $a | d19100212 |
| 200 | 1# | $a | Письма барона Шиллинга Германа (двоюродный брат) Шиллингу М. Ф. с приложением черновика ответа /нем./ |
| | $j | 1909 - 12 февраля 1910 |
| 215 | ## | $a | 11 листов |
| 251 | ## | $c | Дело |
| 300 | ## | $a | Заголовок дела на папке: Письма барона Шиллинга Германа (двоюродный брат) Шиллингу М. Ф. (с приложением черновика ответа) |
| 300 | ## | $a | Часть текста на немецком и французском языках |
| 300 | ## | $a | Листы: 1, 7 - конверты с марками; 10 - конверт |
| 300 | ## | $a | Рукописный текст |
| 330 | ## | $a | Входит в раздел описи: 3. Документы о научной и литературной деятельности барона Шиллинга М. Ф.. Письма разных лиц Шиллингу М. Ф. |
| 461 | #0 | $1 | 001ff9fc58f-089b-437b-980d-902343bc59d8 |
| | $1 | 2001 |
| | $a | Шиллинг Маврикий Фабианович, барон, секретарь русского посольства в Вене |
| | $1 | 251 |
| | $c | Фонд |
| | $1 | 852 |
| | $j | 813 |
| 462 | #0 | $1 | 001665c067c-d934-4316-b9df-5bf0ad49190b |
| | $1 | 2001 |
| | $a | Дела постоянного хранения. 1817-1917 |
| | $v | Д. 451 |
| | $1 | 251 |
| | $c | Опись |
| | $1 | 852 |
| | $j | 1 |
| 517 | 1# | $a | Письма барона Шиллинга Германа (двоюродный брат) Шиллингу М. Ф. (с приложением черновика ответа) |
| 600 | #1 | $a | Шиллинг |
| | $b | М. Ф. |
| | $c | барон |
| | $g | Маврикий Фабианович |
| 600 | #1 | $a | Шиллинг |
| | $b | Г. |
| | $c | барон |
| | $g | Герман |
| 801 | #0 | $a | RU |
| | $b | GA_RF |
| 801 | #1 | $a | RU |
| | $b | ГлавНИВЦ |
| | $c | 20211122 |
| | $2 | rusmarc |
| 801 | #2 | $a | RU |
| | $b | ПБ им. Б.Н. Ельцина |
| | $c | 20211214 |
| | $g | RCR |
| | $2 | rusmarc |
| 852 | ## | $a | ГА РФ |
| | $j | 451 |
| 937 | ## | $d | 171600182 |
| | $h | ГАРФ |
| 035 | ## | $a | RuPRLIB51061350 |
| 856 | ## | $u | http://readingroom.main.prlib.ru/item.aspx?id_node=n171600182&mode=full |